| 000 | 00570aam a2200229 4500 | ||
|---|---|---|---|
| 999 |
_c1796 _d1796 |
||
| 003 | OSt | ||
| 005 | 20230130100810.0 | ||
| 008 | 181015s2018 nyu j 001 1 eng d | ||
| 020 | _a9781534428928 | ||
| 040 |
_aCaOL _erda _cSTD _dKH8 |
||
| 082 | _aFIC SIM | ||
| 100 | 1 |
_aSimon, Coco, _eauthor. |
|
| 245 | 1 | 0 | _aPurr-fect scoop. |
| 264 | 1 | _c2018. | |
| 336 |
_atext _2rdacontent. |
||
| 337 |
_aunmediated _2rdamedia. |
||
| 338 |
_avolume _2rdacarrier. |
||
| 490 | 1 |
_aSprinkle sundays ; _v3. |
|
| 690 | _aNew Oct 2018. | ||
| 830 | 0 | _aSprinkle Sundays. | |
| 942 |
_2ddc _cFIC |
||